000
00244nam a2200097Ia 4500
001
1200541
005
20250827022614.0
008
250824s9999 xx 000 0 und d
245
0
_a
SİSLİ NEHİR
_c
VALERİO VARESİ
260
_b
EVEREST YAYINLARI
999
_c
1200541
_d
1200541